The impact of the London congestion charge on businesses and the property market (Record no. 107580)
[ view plain ]
| 000 -LEADER | |
|---|---|
| fixed length control field | 01292cam a22002295a 4500 |
| 001 - CONTROL NUMBER | |
| control field | L140951 |
| 008 - FIXED-LENGTH DATA ELEMENTS--GENERAL INFORMATION | |
| fixed length control field | 071022s2005 xxk df 000 0 eng d |
| 035 ## - SYSTEM CONTROL NUMBER | |
| System control number | (Sirsi) u140951 |
| 041 0# - LANGUAGE CODE | |
| Language code of text/sound track or separate title | eng |
| 050 04 - LIBRARY OF CONGRESS CALL NUMBER | |
| Classification number | 388.11 $2 18 |
| 100 1# - MAIN ENTRY--PERSONAL NAME | |
| Personal name | McGill, Greg |
| 245 04 - TITLE STATEMENT | |
| Title | The impact of the London congestion charge on businesses and the property market |
| 260 ## - PUBLICATION, DISTRIBUTION, ETC. | |
| Place of publication, distribution, etc. | London |
| Name of publisher, distributor, etc. | RICS |
| Date of publication, distribution, etc. | 2005 |
| 300 ## - PHYSICAL DESCRIPTION | |
| Extent | 70p. $3 1cm. |
| 520 ## - SUMMARY, ETC. | |
| Summary, etc. | In terms of the property market, the research considers the effect of the London congestion charge scheme on property values, location and lease arrangements. The research reveals that capital values have not been significantly affected, although when leases have been re-negotiated they have been shorter and the retail sector has seen a slight fall in rents. There has been a mixed response to the congestion charge from businesses, with the commercial and professional sectors generally supporting the scheme, whereas the retail and leisure sectors have expressed much more concern. |
| 650 24 - SUBJECT ADDED ENTRY--TOPICAL TERM | |
| Topical term or geographic name entry element | LONDON CONGESTION CHARGE ZONE |
| 651 #4 - SUBJECT ADDED ENTRY--GEOGRAPHIC NAME | |
| Geographic name | London |
| 690 ## - LOCAL SUBJECT ADDED ENTRY--TOPICAL TERM (OCLC, RLIN) | |
| Topical term or geographic name as entry element | PROPERTY-COMMERCIAL PROPERTY-COMMERCIAL PROPERTY MARKET |
| 690 ## - LOCAL SUBJECT ADDED ENTRY--TOPICAL TERM (OCLC, RLIN) | |
| Topical term or geographic name as entry element | PROPERTY-INFRASTRUCTURE-ROAD INFRASTRUCTURE |
| 710 2# - ADDED ENTRY--CORPORATE NAME | |
| Corporate name or jurisdiction name as entry element | Royal Institution of Chartered Surveyors |
| 9 (RLIN) | 4900 |
| 942 ## - ADDED ENTRY ELEMENTS (KOHA) | |
| Suppress in OPAC | 0 |
| Source of classification or shelving scheme | Dewey Decimal Classification |
| Withdrawn status | Lost status | Source of classification or shelving scheme | Damaged status | Not for loan | Home library | Current library | Shelving location | Date acquired | Total Checkouts | Full call number | Barcode | Date last seen | Copy number | Price effective from | Koha item type |
|---|---|---|---|---|---|---|---|---|---|---|---|---|---|---|---|
| Dewey Decimal Classification | London | London | RICS Boxes | 22/10/2007 | RICS 2005/45 | 30072281 | 06/08/2019 | 1 | 06/08/2019 | Archive |